01128 a2200193 4500003000500000005001700005040000900022082001700031100003700048245006100085260003600146300001600182505050000198600003700698650002600735942002600761999001900787952012800806Nust20230504102341.0 cNust a959.7043,MER aMertel Colonel Kenneth D9112085 aYear of the hosrse Vietnam / cColonel Kenneth D. Mertel aNew York, bExposition, c1968. aviii, 380p. aThe New Ist air Cavalry Division (Page-3), Shipboard (Page-32), Arrival in Vietnam _ Green Trace (Page-49), First Air Assault (Page-72), Ben Khe Air Assault (Page-94), Plei Mei/Pleiku (Page-119), Highway 19 (Page-140), Back to Plei Mei (Page-152), The Battle of an Khe South (Page-176), First Blood (Page-195), Christmas , Vietnam -1965 (Page-230), On the Cambodian Border (Page-247), China Sea Coast – Bong Son (Page-275), Tarzan – Jim Bowie (Page-321), Drive on – All The Way (Page-345). aColonel Kenneth D.Mertel9112086 aHorse Vietnam9112087 2ddccBKk959.7043,MER c187348d187348 00102ddc4070aMCSbMCScGENd2016-12-12o959.7043,MERpMCS21691r2016-12-08w2016-12-12yBKzAlmirah No. 75, Shelf No. 8